Normal view
MARC view
- K. Chandrasekhara Rao
Entry Personal Name
001 - CONTROL NUMBER
- control field: 124922
003 - CONTROL NUMBER IDENTIFIER
- control field: NUST
005 - DATE AND TIME OF LATEST TRANSACTION
- control field: 20240731153243.0
008 - FIXED-LENGTH DATA ELEMENTS
- fixed length control field: 240731|| aca||aabn | a|a d
040 ## - CATALOGING SOURCE
- Original cataloging agency: NUST
- Transcribing agency: NUST
100 ## - HEADING--PERSONAL NAME
- Personal name: K. Chandrasekhara Rao
670 ## - SOURCE DATA FOUND
- Source citation: Work cat.: (NUST): K. Chandrasekhara Rao, Functional analysis, 2002.
